000 00790nam a2200181 i 4500
001 96676
003 ES-MaACL
005 20230906181946.0
007 t|
008 050629s1930 sp ||||1| spa d
100 1 _aMallart y Cutó, José.
_975793
245 1 0 _aColonias de educación para formación general y profesional y para readaptación social :
_bmemoria premiada por la Real Academia de Ciencias Morales y Políticas en el concurso de la Fundación instituida por D. José Santa María de Hita /
_cJosé Mallart y Cutó.
260 _aMadrid :
_b[s.n.],
_c1930 (
_fImp. de Ernesto Catalá)
300 _a152 p. ;
_c24 cm.
650 4 _aColonias escolares-
_zEspaña.
_9148577
710 2 _aReal Academia de Ciencias Morales y Políticas (España)
_96299
852 _aES-MaACL
_jA-195
999 _c96676
_d96676